[Event "Haarlem AKN op 8th"]
[Site "Haarlem"]
[Date "1999.07.03"]
[Round "3"]
[White "Tiviakov, Sergei"]
[Black "Van Wessel, Rudy"]
[Result "1-0"]
[WhiteElo "2611"]
[BlackElo "2316"]

1.e4 c5 2.Nf3 d6 3.d4 cxd4 4.Nxd4 Nf6 5.Nc3 g6 6.Be3 Bg7 7.f3 Nc6 8.Qd2 O-O
9.Bc4 Bd7 10.O-O-O Rc8 11.Bb3 Ne5 12.Kb1 Nc4 13.Bxc4 Rxc4 14.g4 b5 15.b3 Rc5
16.Ne6 fxe6 17.Bxc5 dxc5 18.e5 Qa5 19.exf6 Bxf6 20.Ne4 Qxd2 21.Rxd2 Bc6 22.Nxf6+ Rxf6
23.Rf1 Bxf3 24.Rd7 Kf7 25.Rxa7 e5 26.Rc7 e4 27.Re1 Rf4 28.h3 Bg2 29.Re3 Rf3
30.Re2 Rf1+ 31.Kb2 Bf3 32.Re3 Rh1 33.Rxc5 Rxh3 34.Rxb5 h5 35.gxh5 Rxh5 36.a4 Kf6
37.Rxh5 gxh5 38.a5 h4 39.a6 h3 40.a7 h2 41.a8=Q h1=Q 42.Qf8+ Ke6 43.Rc3 Qd1
44.Rc6+ Kd5 45.Rc7 Qd4+ 46.Ka3  1-0

[Event "Eu Team Ch"]
[Site "Batumi GEO"]
[Date "1999.11.30"]
[Round "2"]
[White "Tiviakov,S"]
[Black "Dizdarevic,E"]
[Result "1/2-1/2"]
[WhiteElo "2611"]
[BlackElo "2527"]

1.e4 c6 2.d4 d5 3.Nd2 dxe4 4.Nxe4 Nd7 5.Nf3 Ngf6 6.Ng3 c5 7.dxc5 e6 8.c6 bxc6
9.Be2 Qc7 10.O-O Bb7 11.Nd2 Be7 12.Nc4 O-O 13.Bg5 Nb6 14.Qc1 Nxc4 15.Bxc4 Rad8
16.Re1 c5 17.Bf1 Rd7 18.c3 Bc6 19.Rd1 Rxd1 20.Qxd1 Ne4 21.Nxe4 Bxe4 22.Bxe7 Qxe7
23.Qa4 Qb7 24.Rd1 Bd5 25.c4 Bc6 26.Qa3 Qb6 27.Rd6 Rc8 28.g3 Qb8 29.Qxc5 Bd5
30.Qa3 Bxc4 31.Bxc4 Rxc4 32.Rd7 Rc7 33.Qd6 Rc1+ 34.Kg2 Qxd6 35.Rxd6 g5 36.b4 a5
37.bxa5 Rc3 38.Rd7 Ra3 39.Ra7 Kg7 40.g4 Kg6 41.a6 h5 42.gxh5+ Kxh5 43.Rxf7 Rxa6
44.Rf6 Rxa2 45.Rxe6 Ra8  1/2-1/2

[Event "Eu Team Ch"]
[Site "Batumi GEO"]
[Date "1999.12.01"]
[Round "3"]
[White "Tiviakov,S"]
[Black "Gallagher,Jo"]
[Result "0-1"]
[WhiteElo "2611"]
[BlackElo "2521"]

1.e4 c5 2.Nf3 d6 3.d4 cxd4 4.Nxd4 Nf6 5.Nc3 a6 6.Be3 e5 7.Nb3 Be6 8.f3 Be7
9.Qd2 h5 10.O-O-O Nbd7 11.Kb1 Rc8 12.Bd3 Nc5 13.Be2 Nxb3 14.cxb3 b5 15.h4 O-O
16.Bg5 b4 17.Na4 a5 18.Qe3 Rb8 19.g3 Nh7 20.Bxe7 Qxe7 21.g4 Nf6 22.Rhg1 hxg4
23.fxg4 d5 24.exd5 Nxd5 25.Qxe5 Rbd8 26.Bd3 Qa7 27.Qe4 Nf6 28.Qf3 Bd5 29.Qf5 Be6
30.Qc5 Qxc5 31.Nxc5 Bxg4 32.Rdf1 Rd4 33.Bc4 Rc8 34.Nd3 Re8 35.Rf2 Kf8 36.Kc2 Re3
37.Nf4 Bf5+ 38.Kc1 Ng4 39.Rff1 Nh2 40.Ne2 Nxf1 41.Rxf1 Rxc4+ 42.bxc4 Be6
43.Nd4 Bxc4 44.Rf5 Re4 45.Nf3 a4 46.Ra5 Bxa2 47.Rxa4 Bd5 48.Kd2 Rf4 49.Ne1 Rxh4
50.Nd3 Rh2+ 51.Ke3 b3 52.Rb4 Be6 53.Rb5 g6 54.Kd4 Kg7 55.Rb7 Kf6 56.Ke4  0-1

[Event "Eu Team Ch"]
[Site "Batumi GEO"]
[Date "1999.12.05"]
[Round "6"]
[White "Galkin,A"]
[Black "Tiviakov,S"]
[Result "1/2-1/2"]
[WhiteElo "2535"]
[BlackElo "2611"]

1.e4 c5 2.Nf3 Nc6 3.d4 cxd4 4.Nxd4 g6 5.c4 Nf6 6.Nc3 d6 7.Be2 Nxd4 8.Qxd4 Bg7
9.Bg5 O-O 10.Qd2 Be6 11.Rd1 Qa5 12.O-O a6 13.b3 b5 14.Bxf6 Bxf6 15.Nd5 Qxd2
16.Nxf6+ exf6 17.Rxd2 bxc4 18.Bxc4  1/2-1/2

[Event "Young Masters"]
[Site "Groningen NED"]
[Date "1999.12.22"]
[Round "4"]
[White "Lemmers,O"]
[Black "Tiviakov,S"]
[Result "0-1"]
[WhiteElo "2406"]
[BlackElo "2611"]

1.e4 c5 2.c3 d5 3.exd5 Qxd5 4.d4 e6 5.Nf3 Nf6 6.Be3 cxd4 7.cxd4 Be7 8.Nc3 Qd6
9.Bc4 Nc6 10.O-O O-O 11.a3 b6 12.Qe2 Bb7 13.Rad1 Na5 14.Ba2 Rac8 15.Ne5 Bd5
16.Bb1 Bb3 17.Rd3 Nc6 18.Nb5 Qd5 19.Nc3 Qd6 20.Bf4 Bc4 21.Ng6 Qd7 22.Nxf8 Rxf8
23.Rfd1 Rd8 24.Be3 Nd5 25.Qf3 Bxd3 26.Rxd3 Nxc3 27.Rxc3 Nxd4 28.Bxd4 Qxd4
29.Qd3 Qxd3 30.Rxd3 Rc8 31.Rd1 Bf6 32.b4 Rc3 33.a4 Rc4 34.b5 Rxa4 35.Bd3 g6
36.Kf1 Bd4 37.Rc1 Bc5 38.Bc4 Kg7 39.Ke2 f5 40.f3 Kf6 41.Kd3 e5 42.Rc2 Ra3+
43.Rc3 e4+ 44.fxe4 fxe4+ 45.Kc2 Ra1 46.Rh3 h5 47.Rg3 Bf2  0-1

[Event "Young Masters"]
[Site "Groningen NED"]
[Date "1999.12.24"]
[Round "6"]
[White "Timoshenko,G"]
[Black "Tiviakov,S"]
[Result "1/2-1/2"]
[WhiteElo "2576"]
[BlackElo "2611"]

1.d4 Nf6 2.Nf3 e6 3.c4 b6 4.g3 Bb7 5.Bg2 Be7 6.Nc3 Ne4 7.Bd2 f5 8.O-O O-O
9.d5 Bf6 10.Rc1 Na6 11.a3 Nac5  1/2-1/2

[Event "Young Masters"]
[Site "Groningen NED"]
[Date "1999.12.26"]
[Round "7"]
[White "Tiviakov,S"]
[Black "Kasimdzhanov,R"]
[Result "1-0"]
[WhiteElo "2611"]
[BlackElo "2603"]

1.e4 g6 2.d4 d6 3.c3 Nf6 4.Bd3 Bg7 5.Nf3 O-O 6.O-O Nbd7 7.Bg5 h6 8.Bh4 e5
9.Nbd2 b6 10.a4 a6 11.Re1 Bb7 12.dxe5 dxe5 13.Qc2 Qe7 14.Bf1 a5 15.Nc4 Nc5
16.Nfd2 Rfd8 17.f3 Bc6 18.f4 Qe8 19.fxe5 Rxd2 20.Nxd2 Ng4 21.h3 Nxe5 22.b3 Rd8
23.Bxd8 Qxd8 24.Re3 h5 25.Nc4 Bh6 26.Qf2 Bxe3 27.Qxe3 Qe7 28.Nd2 f5 29.Qh6 fxe4
30.Nc4 Bd5 31.Nxe5 Qxe5 32.Qxg6+ Kh8 33.Be2 Bxb3 34.Rf1 Nd7 35.Rf5  1-0

[Event "Open"]
[Site "Groningen NED"]
[Date "1999.12.28"]
[Round "9"]
[White "Tiviakov,S"]
[Black "Van den Doel,E"]
[Result "1-0"]
[WhiteElo "2611"]
[BlackElo "2528"]

1.e4 e5 2.Nf3 Nc6 3.d4 exd4 4.Nxd4 Bc5 5.Nxc6 Qf6 6.Qd2 dxc6 7.Nc3 Ne7 8.Qf4 Qd6
9.Be3 O-O 10.Qxd6 Bxd6 11.f4 f5 12.Bc4+ Kh8 13.e5 Bb4 14.O-O-O b6 15.Ne2 Ng6
16.h4 h5 17.a3 Be7 18.Nd4 Bc5 19.Be2 Bxd4 20.Rxd4 Be6 21.Bxh5 Ne7 22.Rhd1 Nd5
23.Bf2 b5 24.Bf3 a5 25.g3 Kg8 26.R1d2 b4 27.R2d3 Rab8 28.Rc4 Bd7 29.Rc5  1-0

[Event "Open"]
[Site "Groningen NED"]
[Date "1999.12.30"]
[Round "11"]
[White "Tiviakov,S"]
[Black "Gyimesi,Z"]
[Result "1-0"]
[WhiteElo "2611"]
[BlackElo "2531"]

1.e4 e5 2.Nf3 Nc6 3.d4 exd4 4.Nxd4 Bc5 5.Nxc6 Qf6 6.Qd2 dxc6 7.Nc3 Nh6 8.Qf4 Qe7
9.Be3 Bd6 10.Qg5 f6 11.Qh5+ Nf7 12.f4 Bb4 13.Bd3 Bxc3+ 14.bxc3 Be6 15.O-O b6
16.a4 a5 17.Rae1 g6 18.Qh4 g5 19.fxg5 fxg5 20.Qg3 Qd6 21.e5 Qe7 22.Be4 O-O-O
23.Bxc6 Bc4 24.Qg4+ Qe6 25.Qxe6+ Bxe6 26.Rf6  1-0

[Event "NED-chT"]
[Site "Hengelo NED"]
[Date "2000.02.26"]
[Round "3"]
[White "Tiviakov,S"]
[Black "Bosch,Je"]
[Result "1/2-1/2"]
[WhiteElo "2567"]
[BlackElo "2415"]

1.e4 c5 2.Nf3 Nc6 3.d4 cxd4 4.Nxd4 Nf6 5.Nc3 e5 6.Ndb5 d6 7.Bg5 a6 8.Na3 b5
9.Nd5 Be7 10.Bxf6 Bxf6 11.c3 Ne7 12.Nxf6+ gxf6 13.Qf3 f5 14.exf5 Bxf5 15.Bd3 Be6
16.O-O O-O 17.Rfe1 f5 18.Bf1 f4 19.c4 Nf5 20.Rad1 Qb6 21.cxb5 axb5 22.Nxb5 Rxa2
23.Qg4+ Ng7 24.Qh4 Rxb2 25.Nxd6 f3 26.Nc4 Bxc4 27.Bxc4+ Kh8 28.Bd3 h6 29.Rb1 Rxb1
30.Rxb1 Qc6 31.Be4 Qd6 32.Bxf3 Rxf3 33.Qg4 Rf8 34.h3 Qf6 35.Qe2 Qg5 36.Re1 Re8
37.Qe4 Qf5 38.Qb4 Rg8 39.Qc5 Re8 40.Qb5 Kh7 41.Re3 Re6 42.Qd5 Re7 43.Qc5 Re6
44.Qd5 Rf6 45.Re2 Re6 46.Re3  1/2-1/2

[Event "KPMG Weekender"]
[Site "Zwolle NED"]
[Date "2000.03.11"]
[Round "2"]
[White "Tiviakov,S"]
[Black "Hendriks,R"]
[Result "1-0"]
[WhiteElo "2567"]
[BlackElo "2098"]

1.e4 c5 2.Nf3 Nc6 3.d4 cxd4 4.Nxd4 Nf6 5.Nc3 e5 6.Ndb5 d6 7.Bg5 a6 8.Na3 b5
9.Nd5 Be7 10.Bxf6 Bxf6 11.c3 O-O 12.Nc2 Bg5 13.a4 bxa4 14.Rxa4 a5 15.Bb5 Ne7
16.Ncb4 Be6 17.Nxe7+ Qxe7 18.Bc6 Ra7 19.Nd5 Bxd5 20.Bxd5 Rb8 21.Qa1 Qd7 22.O-O Qb5
23.b4 Bd8 24.c4 Qb6 25.Rd1 g6 26.g3 Kg7 27.Kg2 f6 28.Rd2 h5 29.Rda2 h4 30.bxa5 Qc5
31.a6 Rb3 32.Rb2 Rb6 33.Bb7 f5 34.Rd2 Rb3 35.Qd1 Rb6 36.Rd5 Qc7 37.c5 h3+
38.Kxh3 Rb2 39.Rxd6 Be7 40.Rc6 Qd8 41.Qxd8 Bxd8 42.Rd6  1-0

[Event "KPMG Weekender"]
[Site "Zwolle NED"]
[Date "2000.03.12"]
[Round "5"]
[White "Hausrath,D"]
[Black "Tiviakov,S"]
[Result "0-1"]
[WhiteElo "2446"]
[BlackElo "2567"]

1.Nf3 Nf6 2.g3 b6 3.Bg2 Bb7 4.O-O e6 5.c4 Be7 6.d4 O-O 7.d5 Na6 8.Nc3 Bb4
9.Ne5 Bxc3 10.bxc3 Nc5 11.Ba3 Qe7 12.Nd3 d6 13.Nxc5 dxc5 14.e4 e5 15.Re1 Ne8
16.Bf1 Nd6 17.Bd3 Ba6 18.Qe2 Qd7 19.f4 f6 20.Bc1 Qa4 21.fxe5 fxe5 22.Qg4 Rf7
23.Rf1 Qd7 24.Qe2 Rxf1+ 25.Qxf1 Qa4 26.Qh3 Qd1+ 27.Bf1 Rf8 28.Bb2 Qd2  0-1

[Event "ch-NED"]
[Site "Rotterdam NED"]
[Date "2000.05.10"]
[Round "4"]
[White "Tiviakov,S"]
[Black "Van der Wiel,J"]
[Result "1-0"]
[WhiteElo "2567"]
[BlackElo "2558"]

1.e4 c5 2.Nf3 Nc6 3.d4 cxd4 4.Nxd4 Nf6 5.Nc3 e5 6.Ndb5 d6 7.Bg5 a6 8.Na3 b5
9.Nd5 Be7 10.Bxf6 Bxf6 11.c3 Bg5 12.Nc2 O-O 13.a4 bxa4 14.Rxa4 Kh8 15.Nce3 Bxe3
16.Nxe3 a5 17.Bc4 Ne7 18.O-O f5 19.exf5 Nxf5 20.Qd2 Nxe3 21.fxe3 Rxf1+ 22.Bxf1 Bb7
23.b4 axb4 24.Rxa8 Bxa8 25.cxb4 Qb6 26.b5 g6 27.Qc3 Kg7 28.Kf2 Bb7 29.Be2 h5
30.Qb4 Qc7 31.h4 Qf7+ 32.Kg3 Qc7 33.b6 Qc1 34.Kf2 Qc6 35.Bf3 Qc2+ 36.Kg3 Bxf3
37.Kxf3 Qd1+ 38.Kg3 Qe2 39.b7 Qxe3+ 40.Kh2 e4 41.Qb2+  1-0

[Event "ch-NED"]
[Site "Rotterdam NED"]
[Date "2000.05.12"]
[Round "5"]
[White "Bosboom,M"]
[Black "Tiviakov,S"]
[Result "1/2-1/2"]
[WhiteElo "2461"]
[BlackElo "2567"]

1.c4 e5 2.Nc3 Nf6 3.Nf3 Nc6 4.e3 Bb4 5.Qc2 Bxc3 6.Qxc3 Qe7 7.a3 a5 8.b4 axb4
9.axb4 Rxa1 10.Qxa1 e4 11.b5 exf3 12.bxc6 fxg2 13.cxd7+ Qxd7 14.Bxg2 O-O
15.Bb2 Rd8 16.O-O Ne8 17.Bd4 Qe6 18.c5 Bd7 19.Bxb7 Bb5 20.Rb1 Bd3 21.Rb4 Qg4+
22.Kh1 Be4+ 23.Bxe4 Qxe4+ 24.Kg1 Qg4+ 25.Kf1 Qh3+ 26.Kg1 Qg4+ 27.Kf1 Qh3+
28.Kg1 Qg4+  1/2-1/2

[Event "ch-NED"]
[Site "Rotterdam NED"]
[Date "2000.05.13"]
[Round "6"]
[White "Tiviakov,S"]
[Black "Reinderman,D"]
[Result "1-0"]
[WhiteElo "2567"]
[BlackElo "2561"]

1.e4 c5 2.Nf3 Nc6 3.d4 cxd4 4.Nxd4 Nf6 5.Nc3 e5 6.Ndb5 d6 7.Bg5 a6 8.Na3 b5
9.Nd5 Qa5+ 10.Bd2 Qd8 11.Nxf6+ Qxf6 12.Bd3 Qg6 13.O-O Be7 14.c4 Bg4 15.Be2 Bh3
16.Bf3 Nd4 17.Bc3 b4 18.Bxb4 d5 19.Nc2 Nxc2 20.Qxc2 Bxb4 21.Qa4+ Bd7 22.Qxb4 dxe4
23.Be2 Bh3 24.Qa4+ Bd7 25.Qa3 f5 26.Rfd1 f4 27.Rd5 f3 28.Rxe5+ Kf7 29.Qe7+ Kg8
30.Rg5 Qh6 31.Bf1 Rf8 32.c5 Be6 33.Rd1  1-0

[Event "ch-NED"]
[Site "Rotterdam NED"]
[Date "2000.05.19"]
[Round "11"]
[White "Tiviakov,S"]
[Black "Van den Doel,E"]
[Result "1-0"]
[WhiteElo "2567"]
[BlackElo "2522"]

1.e4 e5 2.Nf3 Nc6 3.Bc4 Nf6 4.d3 Bc5 5.c3 a6 6.Bb3 d6 7.Nbd2 Ba7 8.Nf1 Ng4
9.Ne3 Nxe3 10.Bxe3 Bxe3 11.fxe3 O-O 12.O-O Na5 13.Bc2 Be6 14.b4 Nc6 15.d4 Bg4
16.Qe1 Bh5 17.Qg3 Bg6 18.Nh4 Qe7 19.Rf3 Rae8 20.Raf1 Kh8 21.Bb3 a5 22.Nxg6+ fxg6
23.Bf7 Ra8 24.Qh3 h6 25.d5 Nd8 26.Bxg6 Rxf3 27.Qxf3 Kg8 28.b5 b6 29.Qg4 Qg5
30.Qxg5 hxg5 31.Rf5 a4 32.a3 Nb7 33.Bf7+ Kh7 34.Rxg5 g6 35.Bxg6+ Kh6 36.Rg4 Na5
37.Bf5 Nc4 38.Rg6+ Kh7 39.Rxd6+ Kh8 40.Rh6+ Kg8 41.Rc6 Nxa3 42.d6 cxd6 43.Be6+ Kg7
44.Rxb6 Nb1 45.Ra6 Re8 46.Bd7 Re7 47.Bc6  1-0

[Event "It"]
[Site "Bergen NOR"]
[Date "2000.07.21"]
[Round "1"]
[White "Dannevig,O"]
[Black "Tiviakov,S"]
[Result "1/2-1/2"]
[WhiteElo "2356"]
[BlackElo "2608"]

1.c4 e5 2.g3 Nf6 3.Bg2 d5 4.cxd5 Nxd5 5.Nf3 Nc6 6.O-O Nb6 7.d3 Be7 8.a3 O-O
9.Nbd2 a5 10.b3 Be6 11.Bb2 f6 12.Qc2 Qd7 13.e3 Bd5 14.Rfd1 Rfd8 15.d4 exd4
16.Nxd4 Bxg2 17.Kxg2 Nxd4 18.Bxd4 c5 19.Bc3 a4 20.Nf3 Qc6 21.Rxd8+ Bxd8 22.Rb1 axb3
23.Qxb3+ c4 24.Qb5 Qxb5 25.Rxb5 Rxa3 26.Ba5 Rb3 27.Rc5 Rb2 28.Nd4 Kf7 29.Bxb6 Bxb6
30.Rxc4 g6 31.h4 h5 32.Kf3 Bxd4 33.exd4 Ke6 34.Rc7 b6 35.Rg7 Kf5 36.d5 Rb5
37.Rd7 Ke5 38.Rg7 Kf5 39.Rd7 Ke5 40.Rg7 Kf5 41.Rd7  1/2-1/2

[Event "It"]
[Site "Bergen NOR"]
[Date "2000.07.22"]
[Round "2"]
[White "Tiviakov,S"]
[Black "Haag,M"]
[Result "1-0"]
[WhiteElo "2608"]
[BlackElo "2316"]

1.e4 c5 2.Nf3 Nc6 3.d4 cxd4 4.Nxd4 Nf6 5.Nc3 e5 6.Ndb5 d6 7.Bg5 a6 8.Na3 b5
9.Nd5 Be7 10.Bxf6 Bxf6 11.c3 O-O 12.Nc2 Bg5 13.a4 bxa4 14.Rxa4 a5 15.Bb5 Ne7
16.Ncb4 Nxd5 17.Nxd5 f5 18.exf5 Bxf5 19.O-O Rc8 20.c4 Rc5 21.Qe2 Be6 22.Nc3 Rc8
23.Rfa1 Qb6 24.Ne4 Bd8 25.Rxa5 Qd4 26.R5a4 Rf4 27.c5  1-0

[Event "Open"]
[Site "Bergen NOR"]
[Date "2000.07.23"]
[Round "3"]
[White "Lahlum,H"]
[Black "Tiviakov,S"]
[Result "0-1"]
[WhiteElo "2215"]
[BlackElo "2608"]

1.d4 Nf6 2.c4 e6 3.Nc3 Bb4 4.Qc2 O-O 5.a3 Bxc3+ 6.Qxc3 b6 7.Bg5 Ba6 8.Nf3 d6
9.e3 Nbd7 10.Be2 Rc8 11.Nd2 c5 12.O-O h6 13.Bh4 cxd4 14.Qxd4 d5 15.f4 dxc4
16.Bxc4 Bxc4 17.Nxc4 Nc5 18.Nd6 Nb3 19.Qb4 Nxa1 20.Nxc8 Nc2 21.Ne7+ Kh7 22.Qc3 Nxe3
23.Bxf6 gxf6 24.Nc6 Qd5 25.Qxe3 Qxc6 26.Rc1 Qd6 27.Qe4+ f5 28.Qe5 Qxe5 29.fxe5 Rd8
30.Rc7 Kg6 31.b4 a5 32.Rb7 Rd3 33.Rxb6 Rxa3 34.b5 Rb3 35.Rb8 a4 36.b6 a3
37.b7 a2 38.Rg8+ Kh5 39.Ra8 Rxb7 40.Rxa2 Rb5 41.Re2 Kg4 42.Kf2 f4 43.g3 fxg3+
44.hxg3 Kf5 45.Kf3 Rxe5 46.g4+ Kf6 47.Rh2 Kg6 48.Kf4 Rd5 49.Re2 h5  0-1

[Event "Open"]
[Site "Bergen NOR"]
[Date "2000.07.25"]
[Round "5"]
[White "Tiviakov,S"]
[Black "Agopov,M"]
[Result "0-1"]
[WhiteElo "2608"]
[BlackElo "2399"]

1.e4 c5 2.Nf3 Nc6 3.d4 cxd4 4.Nxd4 Nf6 5.Nc3 e5 6.Ndb5 d6 7.Bg5 a6 8.Na3 b5
9.Bxf6 gxf6 10.Nd5 Bg7 11.Bd3 Ne7 12.Nxe7 Qxe7 13.O-O O-O 14.c4 f5 15.Qe2 Bb7
16.Rad1 Rad8 17.cxb5 axb5 18.Nxb5 fxe4 19.Bxe4 d5 20.Bf5 Qg5 21.Qf3 h6 22.Bh3 Qe7
23.Rfe1 d4 24.Qb3 e4 25.Bf5 Qe5 26.Nxd4 Ba8 27.Ne6 fxe6 28.Qxe6+ Qxe6 29.Bxe6+ Kh8
30.Rxd8 Rxd8 31.b3 Rd2 32.Kf1 Rxa2 33.Rd1 Ra1 34.Rxa1 Bxa1 35.Ke2 Kg7 36.f3 Kf6
37.Bh3 exf3+ 38.gxf3 Be5 39.f4 Bxf4 40.Kf2 Bd5 41.Bg2 Bxb3 42.Kg1 Ke5 43.Bf3 Kd4
44.Kg2 Ke3 45.Bc6 Be6 46.Bb7 Be5 47.Bc6 Bb8 48.Bb7 Bc7 49.Bc6 Bd6 50.Bb7 h5
51.Bf3 Bf7 52.Bc6 Be6 53.Bf3 h4 54.h3 Kd2 55.Bg4 Bd5+ 56.Bf3 Bc4 57.Kf2 Bg3+
58.Kg1 Ke1 59.Bg4 Bc7 60.Bf5 Bb6+ 61.Kg2 Bd5+ 62.Kh2 Kf2 63.Be4 Bc7+  0-1

[Event "Open"]
[Site "Bergen NOR"]
[Date "2000.07.27"]
[Round "7"]
[White "Tiviakov,S"]
[Black "Djurhuus,R"]
[Result "1/2-1/2"]
[WhiteElo "2608"]
[BlackElo "2484"]

1.e4 e6 2.d4 d5 3.Nd2 c5 4.exd5 Qxd5 5.Ngf3 cxd4 6.Bc4 Qd6 7.O-O Nf6 8.Nb3 Nc6
9.Nbxd4 Nxd4 10.Nxd4 a6 11.Bb3 Qc7 12.Qf3 Bd6 13.h3 O-O 14.Bg5 Nd7 15.c3 b5
16.Bc2 Bb7 17.Qh5 g6 18.Qh4 Rfe8 19.Rad1 Nb6 20.Rfe1 Bd5 21.Be4 Bxe4 22.Rxe4 Nd5
23.Nc2 Bf8 24.Ne3 Nxe3 25.Rxe3 Be7 26.Red3 Bxg5 27.Qxg5 Ra7 28.Rd6 e5 29.R1d5 Qe7
30.Qxe7 Rexe7 31.Kf1 f5 32.Rb6 e4 33.Ke2 Reb7 34.Rdd6 Rxb6 35.Rxb6 Kg7 36.Ke3 Kh6
37.a3 Kg5 38.g3 Ra8 39.Rd6 Ra7 40.Kd4 Ra8 41.Ke3 Ra7 42.Re6 Ra8 43.Re7 Rd8
44.Ke2 a5 45.Rxh7 b4 46.h4+ Kg4 47.Rh6 Rg8 48.axb4 axb4 49.cxb4 Kh3 50.b5 Rb8
51.h5 gxh5 52.b6 Rc8 53.Ke3 Rc2 54.b4 Rb2 55.Rxh5+ Kg4 56.Rh4+ Kg5 57.Kd4 Rxb4+
58.Kc5 Rb2 59.Rf4 Rc2+ 60.Kd6 Rb2 61.Kc7 Rc2+ 62.Kb8 Rb2 63.b7 Rd2 64.Rh4 Rxf2
65.Rh8 Kg4 66.Rg8+ Kh3 67.Rg6 Rb2 68.Kc7 e3 69.Re6 Rc2+ 70.Kd7 Rb2 71.Kc7 Rc2+
72.Kd7 Rb2 73.Kc7 Rc2+  1/2-1/2

[Event "Open"]
[Site "Bergen NOR"]
[Date "2000.07.28"]
[Round "8"]
[White "Elsness,F"]
[Black "Tiviakov,S"]
[Result "1/2-1/2"]
[WhiteElo "2383"]
[BlackElo "2608"]

1.d4 Nf6 2.c4 e6 3.Nc3 Bb4 4.e3 c5 5.Bd3 Nc6 6.Nf3 Bxc3+ 7.bxc3 d6 8.O-O e5
9.Nd2 O-O 10.Rb1 Re8 11.d5 Ne7 12.f3 Ng6 13.Re1 b6 14.Qc2 Bd7 15.g3 Qc8 16.e4 Nh5
17.Nf1 Ne7 18.Ne3 g6 19.Ng2 f6 20.f4 Ng7 21.Rf1 f5 22.fxe5 dxe5 23.Bg5 fxe4
24.Bxe4 Nef5 25.d6 Nxd6 26.Bxa8 Qxa8 27.Qd2 Bh3 28.Qe2 Qe4 29.Rfe1 Qxe2 30.Rxe2 Nxc4
31.Rbe1 Nf5 32.Bf6 Nfd6 33.Ne3 Nxe3 34.Rxe3 e4 35.Bg5 Bf5 36.g4 Bxg4 37.Bf4 Re6
38.Bxd6 Rxd6 39.Rxe4 Bd7 40.Re7 a6 41.Rf1 Bf5 42.Ra7 b5 43.Re1 Be6 44.Re5 Rc6
45.a3 Bf7 46.Kf2 Be6 47.Ke3 h6 48.h4 Kf8 49.Kf4 Bf7 50.Ke3 Be6 51.Re4 Rd6
52.Rc7 Bc4 53.Ree7 Rd3+ 54.Kf4 Rxc3 55.Red7 g5+ 56.hxg5 hxg5+ 57.Kxg5 Re3
58.Rxc5 Re7 59.Rc8+ Kf7 60.Rxe7+ Kxe7 61.Ra8 Kd6 62.Rxa6+ Kc5 63.Rf6 Bb3
64.Rf4 Bc4 65.Kf6 Kb6 66.Ke5 Ka5 67.Rf8 Ka4 68.Ra8+ Kb3 69.Kd4 Bf1 70.Ra7 Be2
71.Re7 Bc4 72.Re3+ Ka4 73.Rg3 Bb3 74.Kc3 Kxa3 75.Rg4 Bc4 76.Rg7 Ka2 77.Ra7+ Kb1
78.Ra5 Bf1 79.Ra8 Bc4 80.Ra7 Bf1 81.Rf7 Bc4 82.Rf2 Kc1 83.Rh2  1/2-1/2

[Event "Open"]
[Site "Bergen NOR"]
[Date "2000.07.29"]
[Round "9"]
[White "Tiviakov,S"]
[Black "Bae,T"]
[Result "1-0"]
[WhiteElo "2608"]
[BlackElo "2246"]

1.e4 e5 2.Nf3 Nc6 3.Bb5 Nf6 4.Qe2 Bc5 5.c3 O-O 6.d3 Re8 7.Bg5 h6 8.Bh4 a6
9.Ba4 Bf8 10.Nbd2 b5 11.Bc2 d6 12.d4 exd4 13.Nxd4 Ne5 14.a4 c5 15.N4f3 Ng6
16.axb5 Nf4 17.Qf1 d5 18.e5 Bd6 19.O-O-O Bxe5 20.Re1 Bd6 21.Rxe8+ Qxe8 22.Bxf6 gxf6
23.g3 Ng6 24.Qd3 axb5 25.Qxd5 Ra1+ 26.Nb1 Qe6 27.Qd3 c4 28.Qd2 Ne5 29.Nxe5 fxe5
30.Re1 Qf6 31.Be4 Bf5 32.f3 Bxe4 33.fxe4 Bf8 34.Qd7 Qf3 35.Qd1 Qf2 36.Qe2 Qb6
37.Rf1 Qa6 38.Qg4+ Bg7 39.Rd1 Qa5  1-0

[Event "Eikrem mem"]
[Site "Gausdal NOR"]
[Date "2000.07.30"]
[Round "1"]
[White "Agopov,M"]
[Black "Tiviakov,S"]
[Result "0-1"]
[WhiteElo "2399"]
[BlackElo "2608"]

1.Nf3 Nf6 2.c4 b6 3.Nc3 Bb7 4.g3 e6 5.Bg2 Be7 6.O-O O-O 7.d4 Na6 8.d5 Bb4
9.Bd2 Nc5 10.Ne1 Re8 11.Nc2 Bxc3 12.Bxc3 exd5 13.cxd5 Nce4 14.Qd3 Nxc3 15.bxc3 c6
16.d6 Re6 17.Bh3 Re5 18.c4 Qe8 19.Rfe1 Rh5 20.Bg2 Qe6 21.Ne3 Re8 22.a4 Ba6
23.Bf3 Rc5 24.Rec1 Qe5 25.a5 b5 26.cxb5 Bxb5 27.Qa3 Rxc1+ 28.Rxc1 a6 29.Nc4 Qf5
30.Ne3 Qe6 31.Rd1 g6 32.Nc2 Qc4 33.Nd4 Ba4 34.Ra1 Qxd4 35.Qxa4 Qxd6 36.Qc4 Qe5
37.Ra3 Ra8 38.Qb4 Rb8 39.Qd2 Kg7 40.e3 Rb2 41.Qd4 Qxd4 42.exd4 Ne8 43.d5 c5
44.Re3 Kf8 45.Be2 Ra2 46.Bxa6 Nd6 47.Be2 Rxa5 48.Bg4 f5 49.Bf3 Ra1+ 50.Kg2 c4
51.Rc3 Kf7 52.Be2 Ra5 53.Rc2 Rc5 54.f4 c3 55.Kf2 Ne4+ 56.Ke3 Ke7 57.Bf3 Nd2
58.Bg2 Kd6 59.Kd3 Nb1 60.h4 h5 61.Bh1 Rb5 62.Kd4 Rb2 63.Kd3 Kc5 64.Rxb2 cxb2
65.Kc2 Nc3 66.Kxb2 Ne2 67.Bf3 Nxg3 68.Kc3 Ne4+ 69.Kd3 Nf6 70.d6 Nd5  0-1

[Event "Eikrem mem"]
[Site "Gausdal NOR"]
[Date "2000.07.31"]
[Round "2"]
[White "Tiviakov,S"]
[Black "Salmensuu,O"]
[Result "1-0"]
[WhiteElo "2608"]
[BlackElo "2458"]

1.e4 e6 2.d4 d5 3.Nd2 c5 4.exd5 exd5 5.Ngf3 Nf6 6.Be2 Nc6 7.O-O Be6 8.Re1 c4
9.b3 cxb3 10.axb3 Bb4 11.Bb2 O-O 12.c3 Bd6 13.Nf1 Qb6 14.Bd3 h6 15.Ng3 Rfe8
16.Bc2 a6 17.Qd3 Qb5 18.Qxb5 axb5 19.b4 Ra6 20.Bd3 Na7 21.Ne5 Nd7 22.Nxd7 Bxd7
23.Nf5 Bf8 24.Rxe8 Rxa1+ 25.Bxa1 Bxe8 26.Ne3 Bc6 27.Bf5 h5 28.g3 g6 29.Bh3 Bh6
30.f4 f5 31.Bg2 Kf7 32.Bxd5+ Bxd5 33.Nxd5 Nc8 34.Bb2 Nd6 35.Kf2 Bg7 36.Kf3 Bf6
37.Ne3 Nc4 38.Nd1 Ke6 39.Bc1 Kd5 40.Nf2 Nd6 41.Bd2 Nc4 42.Ke2 Nb2 43.Bc1 Na4
44.Nd1 Kc4 45.Kd2 Kb3 46.Kd3 Nb6 47.Ne3 Bg7 48.Nf1 Nd5 49.Nd2+ Ka4 50.Nf3 Kb3
51.Bd2 Bf6 52.Ne5 Ne7 53.Nd7 Nd5 54.Nc5+ Ka3 55.Nxb7 Be7 56.Na5 Nf6 57.Nc6 Bd6
58.Ne5 Ng4 59.Nxg4 hxg4 60.d5 Kb3 61.Be3  1-0

[Event "Eikrem mem"]
[Site "Gausdal NOR"]
[Date "2000.08.01"]
[Round "3"]
[White "Osttveit,M"]
[Black "Tiviakov,S"]
[Result "0-1"]
[WhiteElo "2079"]
[BlackElo "2608"]

1.e4 c5 2.Nc3 Nc6 3.f4 g6 4.Nf3 Bg7 5.Bb5 Nd4 6.Bd3 d6 7.Nxd4 cxd4 8.Ne2 Nf6
9.Nxd4 Nxe4 10.Bxe4 Bxd4 11.c3 Bf6 12.d4 d5 13.Bd3 Bf5 14.O-O Qd7 15.a4 a6
16.a5 h5 17.Be3 Kf8 18.Qc2 Rc8 19.Bxf5 gxf5 20.Ra4 e6 21.Qb3 Be7 22.c4 dxc4
23.Rxc4 Kg7 24.d5 Qxd5 25.Bd4+ f6 26.Rfc1 Kf7 27.Qc3 Rhg8 28.Rc2  0-1

[Event "Eikrem mem"]
[Site "Gausdal NOR"]
[Date "2000.08.01"]
[Round "4"]
[White "Tiviakov,S"]
[Black "Yakovich,Y"]
[Result "1/2-1/2"]
[WhiteElo "2608"]
[BlackElo "2585"]

1.e4 c5 2.Nf3 Nc6 3.d4 cxd4 4.Nxd4 Nf6 5.Nc3 e5 6.Ndb5 d6 7.Bg5 a6 8.Na3 b5
9.Nd5 Be7 10.Bxf6 Bxf6 11.c3 Bg5 12.Nc2 Rb8 13.a4 bxa4 14.Ncb4 Bd7 15.Bxa6 Nxb4
16.Nxb4 Qa5 17.Qxd6 Rb6 18.Qd3 Be7 19.Rd1 Be6 20.O-O O-O 21.Bc4  1/2-1/2

[Event "Eikrem mem"]
[Site "Gausdal NOR"]
[Date "2000.08.03"]
[Round "6"]
[White "Tiviakov,S"]
[Black "Volzhin,A"]
[Result "1/2-1/2"]
[WhiteElo "2608"]
[BlackElo "2556"]

1.e4 c5 2.Nf3 Nc6 3.d4 cxd4 4.Nxd4 e6 5.Nc3 Qc7 6.g3 a6 7.Bg2 Nf6 8.O-O Nxd4
9.Qxd4 Bc5 10.Bf4 d6 11.Qd2 h6 12.Rad1 e5 13.Be3 Be6 14.Bxc5 dxc5 15.Nd5 Bxd5
16.exd5 Qd6 17.f4 O-O 18.fxe5  1/2-1/2

[Event "Eikrem mem"]
[Site "Gausdal NOR"]
[Date "2000.08.04"]
[Round "7"]
[White "Davies,N"]
[Black "Tiviakov,S"]
[Result "1/2-1/2"]
[WhiteElo "2486"]
[BlackElo "2608"]

1.Nf3 Nf6 2.c4 b6 3.g3 e6 4.Bg2 Bb7 5.O-O Be7 6.Nc3 O-O 7.d4 Na6 8.b3 d5
9.Ne5 c6 10.Bb2 Nc7 11.Rc1 Nd7 12.Nd3 Bf6 13.e3 a5 14.Na4 Na6 15.Qd2 Re8
16.Rfd1 Qb8  1/2-1/2

[Event "Eikrem mem"]
[Site "Gausdal NOR"]
[Date "2000.08.05"]
[Round "8"]
[White "Tiviakov,S"]
[Black "Bekker Jensen,S"]
[Result "1-0"]
[WhiteElo "2608"]
[BlackElo "2388"]

1.e4 c5 2.Nf3 d6 3.d4 Nf6 4.Nc3 cxd4 5.Nxd4 a6 6.Be3 e5 7.Nb3 Be6 8.f3 Be7
9.Qd2 O-O 10.O-O-O b5 11.g4 b4 12.Nd5 Bxd5 13.exd5 a5 14.Kb1 a4 15.Nc1 Ra5
16.Bc4 Na6 17.g5 Nd7 18.Nd3 Nb6 19.Bxb6 Qxb6 20.f4 exf4 21.Qxf4 Nc5 22.Rde1 Ra7
23.h4 a3 24.h5 axb2 25.h6 Rfa8 26.hxg7 b3 27.cxb3 Rxa2 28.Rxe7 Ra1+ 29.Kc2  1-0

[Event "Royal CC NED-GER Match"]
[Site "Venlo NED"]
[Date "2000.08.26"]
[Round "3"]
[White "Huebner,R"]
[Black "Tiviakov,S"]
[Result "1/2-1/2"]
[WhiteElo "2615"]
[BlackElo "2608"]

1.d4 Nf6 2.Nf3 e6 3.g3 b6 4.Bg2 Bb7 5.O-O Be7 6.c4 O-O 7.Nc3 Ne4 8.Bd2 f5
9.d5 Bf6 10.Qc2 Bxc3 11.Bxc3 exd5 12.cxd5 Bxd5 13.Rad1 c6 14.Nh4 Nxc3 15.bxc3 Bxg2
16.Kxg2 Qf6 17.Rd2 Qe6 18.Rfd1 d5 19.Nf3 b5 20.a4 a6 21.Ra1 Nd7 22.Nd4 Qf6
23.axb5 cxb5 24.Qb3 Qf7 25.Nc6 Nb6 26.e3 Qb7 27.Nb4 Rfd8 28.Rad1 a5 29.Nxd5 Nxd5
30.Rxd5 a4 31.Qa2 Rxd5 32.Rxd5 a3 33.Kf1 Qf7 34.Ke1 h6 35.Rd2 Qc4 36.Kd1 Kf7
37.Kc1 Kf6 38.Kb1 Qe4+ 39.Qc2 Qe5 40.Qb3 Kg6 41.Ka2 Rc8  1/2-1/2